MARC details
| 000 -LEADER |
| fixed length control field |
01719cam a2200457 a 4500 |
| 001 - CONTROL NUMBER |
| control field |
21650 |
| 003 - CONTROL NUMBER IDENTIFIER |
| control field |
VRT |
| 005 - DATE AND TIME OF LATEST TRANSACTION |
| control field |
20260307110706.0 |
| 008 - FIXED-LENGTH DATA ELEMENTS--GENERAL INFORMATION |
| fixed length control field |
240226s1992 xo a gr 000 f slo |
| 015 ## - NATIONAL BIBLIOGRAPHY NUMBER |
| National bibliography number |
SNBA1992/09 |
| 020 ## - INTERNATIONAL STANDARD BOOK NUMBER |
| International Standard Book Number |
8085506084 |
| Qualifying information |
(zväzok 1. ; |
| -- |
brožované) |
| 020 ## - INTERNATIONAL STANDARD BOOK NUMBER |
| International Standard Book Number |
8085506076 |
| Qualifying information |
(súbor ; |
| -- |
brožované) |
| 035 ## - SYSTEM CONTROL NUMBER |
| System control number |
SNK000011940 |
| 035 ## - SYSTEM CONTROL NUMBER |
| System control number |
EB1BFD14-5E37-44BD-954C-CD334C2D8C02 |
| 035 ## - SYSTEM CONTROL NUMBER |
| System control number |
urn:nbn:sk:snk-am00ieln |
| 039 #9 - LEVEL OF BIBLIOGRAPHIC CONTROL AND CODING DETAIL [OBSOLETE] |
| Level of rules in bibliographic description |
202402262003 |
| Level of effort used to assign nonsubject heading access points |
VLOAD |
| Level of effort used to assign subject headings |
202401240745 |
| Level of effort used to assign classification |
msnk115 |
| Level of effort used to assign subject headings |
202311211857 |
| Level of effort used to assign classification |
VLOAD |
| Level of effort used to assign subject headings |
202305011800 |
| Level of effort used to assign classification |
VLOAD |
| 040 ## - CATALOGING SOURCE |
| Original cataloging agency |
SNK |
| Language of cataloging |
slo |
| Transcribing agency |
SNK |
| Description conventions |
AACR2 |
| 041 1# - LANGUAGE CODE |
| Language code of text/sound track or separate title |
slo |
| Language code of original |
hrv |
| 044 ## - COUNTRY OF PUBLISHING/PRODUCING ENTITY CODE |
| MARC country code |
xo |
| ISO country code |
SK |
| 072 #7 - SUBJECT CATEGORY CODE |
| Subject category code |
821.163 |
| Subject category code subdivision |
Južnoslovanské literatúry |
| Source |
konspekt |
| 080 ## - UNIVERSAL DECIMAL CLASSIFICATION NUMBER |
| Universal Decimal Classification number |
886.2-3 |
| Edition identifier |
1997 |
| 080 ## - UNIVERSAL DECIMAL CLASSIFICATION NUMBER |
| Universal Decimal Classification number |
821.163.42-31 |
| Edition identifier |
2011 |
| 080 ## - UNIVERSAL DECIMAL CLASSIFICATION NUMBER |
| Universal Decimal Classification number |
(0:82-311.6) |
| Edition identifier |
2011 |
| 100 1# - MAIN ENTRY--PERSONAL NAME |
| Personal name |
Jurić-Zagorka, Marija, |
| Dates associated with a name |
1873-1957 |
| Relationship |
aut |
| 240 10 - UNIFORM TITLE |
| Uniform title |
Gordana |
| Language of a work |
Slovensky |
| 245 10 - TITLE STATEMENT |
| Title |
Gordana na dvore kráľa Matyáša |
| Number of part/section of a work |
I (1) |
| Statement of responsibility, etc. |
Marija Jurič Zagorka ; [z chorvátskeho originálu Gordana ... preložil Ján Jankovič ; ilustrácia Adam] |
| 250 ## - EDITION STATEMENT |
| Edition statement |
[1. vyd.] |
| 260 ## - PUBLICATION, DISTRIBUTION, ETC. |
| Place of publication, distribution, etc. |
Bratislava |
| Name of publisher, distributor, etc. |
Juga |
| Date of publication, distribution, etc. |
1992 |
| Place of manufacture |
Komárno |
| Manufacturer |
Komárňanské tlačiarne |
| 300 ## - PHYSICAL DESCRIPTION |
| Extent |
60 strán |
| Other physical details |
ilustrácie |
| Dimensions |
21 cm |
| 655 #7 - INDEX TERM--GENRE/FORM |
| Genre/form data or focus term |
chorvátske romány |
| Source of term |
SNKPH |
| 655 #7 - INDEX TERM--GENRE/FORM |
| Genre/form data or focus term |
historické romány |
| Source of term |
SNKPH |
| 700 0# - ADDED ENTRY--PERSONAL NAME |
| Personal name |
Adam |
| Relationship |
ill |
| 700 1# - ADDED ENTRY--PERSONAL NAME |
| Personal name |
Jankovič, Ján, |
| Dates associated with a name |
1943-2021 |
| Relationship |
trl |
| 910 ## - USER-OPTION DATA (OCLC) |
| User-option data |
snk |
| 942 ## - ADDED ENTRY ELEMENTS (KOHA) |
| Source of classification or shelving scheme |
Dewey Decimal Classification |
| Koha item type |
Krásna literatúra pre dospelých |
| Suppress in OPAC |
No |
| 949 ## - LOCAL PROCESSING INFORMATION (OCLC) |
| 6 |
17A0306137 |
| a |
snkSC 82179/1/1 D1 |
| b |
snkKSP 6253/92 |
| 949 ## - LOCAL PROCESSING INFORMATION (OCLC) |
| 6 |
270001000033045 |
| a |
svkbbA 82017 |
| b |
svkbbm 573952 |
| s |
4700:20090728 |
| 949 ## - LOCAL PROCESSING INFORMATION (OCLC) |
| 6 |
270001000033046 |
| a |
svkbbA 82017 |
| b |
svkbbm 573953 |
| 949 ## - LOCAL PROCESSING INFORMATION (OCLC) |
| 6 |
17A0995293 |
| a |
snkSC 82179/1/1 |
| b |
snkKSP 6252/92 |
| s |
6100:20221121 |